000 006230000a22001810004500
003 MACL
005 20160607150602.0
008 160607b xxu||||| |||| 00| 0 eng d
040 _aMACL
_cMACL
041 _aHindi
082 _a920 UPR
100 _aउप्रेती, प्रभात कुमार
_962718
245 _aसफदर
_bएक आदम कद इंसान
_cप्रभात कुमार उप्रेती
260 _bयात्री प्रकाशन
_c1991
_aनई दिल्‍ली
350 _a100
650 _aBiography
_962719
942 _cHIN
_k920/UPR
_2ddc
999 _c20669
_d20669